| 000 | 00000nam 2200000za 4500 |
| 001 | 9.821717 |
| 003 | CaOODSP |
| 005 | 20241203113639 |
| 007 | cr ||||||||||| |
| 008 | 160729s2013 quc |o f|0| 0 eng d |
| 040 | |aCaOODSP|beng |
| 043 | |an-cn--- |
| 086 | 1 |aEn14-258/2013E-PDF |
| 245 | 00|aFederal Contaminated Sites Action Plan (FCSAP) |h[electronic resource] : |bexecutive summary of the FCSAP : long-term monitoring planning guidance. |
| 260 | |aGatineau, Que. : |bEnvironment Canada, |cc2013. |
| 300 | |a22 p. : |bfigures. |
| 500 | |aIssued also in French under title: Plan d'action pour les sites contaminés fédéraux (PASCF) - Sommaire du document d'orientation sur la planification du suivi à long terme du PASCF. |
| 504 | |aIncludes bibliographic references. |
| 520 | |aThe overall goals of this document are to: provide a framework for the development and implementation of scientifically defensible LTM plans; facilitate consistency, as is practicable, across federal departments, regions and regulatory jurisdictions for content and implementation of LTM plans; and establish procedures for identifying decision criteria prior to LTM data collection. |
| 692 | 07|2gccst|aContaminated sites |
| 692 | 07|2gccst|aFederal government |
| 710 | 1 |aCanada. |bEnvironment Canada. |
| 775 | 08|tPlan d'action pour les sites contaminés fédéraux (PASCF) |w(CaOODSP)9.821812 |
| 856 | 40|qPDF|s880 KB|uhttps://publications.gc.ca/collections/collection_2016/eccc/En14-258-2013-eng.pdf |